000 00603cam a22002173a 4500
001 38161
003 PGUSA
005 20140828083836.0
008 111128s2011||||xxu|||||s|||||000 | eng d
040 _aPGUSA
_beng
042 _adc
100 1 _aMarsh, Richard,
_d1857-1915
245 1 2 _aA Master of Deception
_h[electronic resource] /
_cRichard Marsh
260 _bProject Gutenberg,
_c2011
506 _aPublic domain in the USA.
516 _aElectronic text
700 1 _aTennant, Dudley
830 0 _aProject Gutenberg
_v38161
856 4 0 _uhttp://www.gutenberg.org/ebooks/38161
942 _cEB
999 _c267415
_d267415